Statistics for Overwatch Characters - Updated

Click here to take the quiz!

General Stats

  • This quiz has been taken 124 times
    (101 since last reset)
  • The average score is 20 of 24

Answer Stats

ClassHero% Correct
SupportMercy
96%
OffenceGenji
91%
DefenceHanzo
90%
TankDVA
89%
DefenceWidowmaker
89%
TankRoadhog
87%
SupportLucio
86%
TankReinhardt
86%
OffenceTracer
85%
DefenceJunkrat
84%
OffenceSoldier 76
84%
SupportAna
82%
DefenceBastion
81%
OffenceReaper
80%
TankWinston
80%
SupportZenyatta
78%
DefenceMei
76%
TankOrisa
76%
OffenceMccree
75%
OffenceSombra
75%
TankZarya
73%
OffencePharah
72%
SupportSymmetra
71%
DefenceTorbjorn
68%

Score Distribution

Percentile by Number Answered

Percent of People with Each Score

Your Score History

You have not taken this quiz since the last reset